ARRUPE JESUIT UNIVERSITY

CORONAVIRUS -STOP THE SPREAD - CLEAN,DISINFECT,COVER

The spiritual life; (Record no. 125349)

MARC details
000 -LEADER
fixed length control field 01134cam a22003131 4500
001 - CONTROL NUMBER
control field 6421725
003 - CONTROL NUMBER IDENTIFIER
control field ARRUPE
005 - DATE AND TIME OF LATEST TRANSACTION
control field 20160927094314.0
008 - FIXED-LENGTH DATA ELEMENTS--GENERAL INFORMATION
fixed length control field 770618s1932 be 000 0 eng
010 ## - LIBRARY OF CONGRESS CONTROL NUMBER
LC control number 34038565
035 ## - SYSTEM CONTROL NUMBER
System control number (OCoLC)3051338
040 ## - CATALOGING SOURCE
Original cataloging agency DLC
Transcribing agency OC
Modifying agency DLC
041 1# - LANGUAGE CODE
Language code of text/sound track or separate title eng
Language code of original and/or intermediate translations of text fre
042 ## - AUTHENTICATION CODE
Authentication code premarc
050 00 - LIBRARY OF CONGRESS CALL NUMBER
Classification number BV5032
Item number .T314 1932
300 ## - PHYSICAL DESCRIPTION
Dimensions 22 cm.
100 1# - MAIN ENTRY--PERSONAL NAME
Personal name Tanquerey, Adolphe,
Dates associated with a name 1854-1932.
9 (RLIN) 26199
240 10 - UNIFORM TITLE
Uniform title <a href="Précis de théologie ascétique et mystique.">Précis de théologie ascétique et mystique.</a>
Language of a work English
245 14 - TITLE STATEMENT
Title The spiritual life;
Remainder of title a treatise on ascetical and mystical theology
Statement of responsibility, etc by the Very Reverend Adolphe Tanquerey, translated by the Reverend Herman Branderis.
250 ## - EDITION STATEMENT
Edition statement 2d and rev. ed.
260 ## - PUBLICATION, DISTRIBUTION, ETC. (IMPRINT)
Place of publication, distribution, etc Tournai (Belgium)
Name of publisher, distributor, etc Society of St. John the Evangelist, Desclée & co.,
Date of publication, distribution, etc 1932.
300 ## - PHYSICAL DESCRIPTION
Extent xlviii, 750, 21 p.
500 ## - GENERAL NOTE
General note "No 680."
504 ## - BIBLIOGRAPHY, ETC. NOTE
Bibliography, etc Bibliography: p. [xvii]-xlviii.
650 #0 - SUBJECT ADDED ENTRY--TOPICAL TERM
Topical term or geographic name as entry element Asceticism
General subdivision Catholic Church.
9 (RLIN) 26182
650 #0 - SUBJECT ADDED ENTRY--TOPICAL TERM
Topical term or geographic name as entry element Mysticism
General subdivision Catholic Church.
9 (RLIN) 2229
700 1# - ADDED ENTRY--PERSONAL NAME
Personal name Branderis, Herman,
Dates associated with a name 1893-
Relator term tr.
9 (RLIN) 26200
906 ## - LOCAL DATA ELEMENT F, LDF (RLIN)
a 7
b cbc
c oclcrpl
d u
e ncip
f 19
g y-gencatlg
942 ## - ADDED ENTRY ELEMENTS (KOHA)
Source of classification or shelving scheme Library of Congress Classification
Koha item type Monograph ( Printed materials)
Holdings
Withdrawn status Lost status Source of classification or shelving scheme Damaged status Not for loan Collection code Home library Current library Shelving location Date acquired Total Checkouts Full call number Barcode Date last seen Price effective from Koha item type
    Library of Congress Classification     Main Collection ARRUPE LIBRARY ARRUPE LIBRARY Main Collection 27/09/2016   BV5032 .T314 1932 46500007235 24/01/2017 27/09/2016 Monograph ( Printed materials)

 

Arrupe Library. PO Box MP320 Mt Pleasant, Harare, Zimbabwe
263 242 745411|librarian@aju.ac.zw